DeGarmo`s Materials And Processes in Manufacturing (Record no. 33712)

000 -LEADER
fixed length control field 00363nam a22001457a 4500
020 ## - INTERNATIONAL STANDARD BOOK NUMBER
International Standard Book Number 9788126540464
082 ## - DEWEY DECIMAL CLASSIFICATION NUMBER
Classification number 670
100 ## - MAIN ENTRY--PERSONAL NAME
Personal name Black, J T.
245 ## - TITLE STATEMENT
Title DeGarmo`s Materials And Processes in Manufacturing
250 ## - EDITION STATEMENT
Edition statement 11th ed.
260 ## - PUBLICATION, DISTRIBUTION, ETC.
Place of publication, distribution, etc. New Delhi :
Name of publisher, distributor, etc. Wiley,
Date of publication, distribution, etc. 2014.
300 ## - PHYSICAL DESCRIPTION
Extent (i-v) index 115 p. ;
Other physical details 25 cm.
500 ## - GENERAL NOTE
General note Paperback.
942 ## - ADDED ENTRY ELEMENTS (KOHA)
Koha item type Book
Holdings
Withdrawn status Lost status Source of classification or shelving scheme Damaged status Not for loan Permanent Location Current Location Date acquired Total Checkouts Total Renewals Full call number Barcode Date last seen Date last checked out Price effective from Koha item type
          Central Library (CL) Central Library (CL) 05/12/2016 1 1 670 BLA SMME-2877 05/20/2024 03/21/2024 05/12/2016 Book
© 2023 Central Library, National University of Sciences and Technology. All Rights Reserved.